Interchange (Record no. 6187)

MARC details
005 - DATE AND TIME OF LATEST TRANSACTION
control field 20250628195243.0
020 ## - INTERNATIONAL STANDARD BOOK NUMBER
International Standard Book Number 9781107620421
100 ## - MAIN ENTRY--PERSONAL NAME
Author name RICHARDS, J.C
245 ## - TITLE STATEMENT
Title Interchange
250 ## - EDITION STATEMENT
Edition statement 4th Ed.
260 ## - PUBLICATION, DISTRIBUTION, ETC.
Place of publication, distribution, etc. New York
Name of publisher, distributor, etc. Cambridge
Date of publication, distribution, etc. 2013
300 ## - PHYSICAL DESCRIPTION
Extent vii, 48p.: ill; pictures
Dimensions 28cm
942 ## - ADDED ENTRY ELEMENTS (KOHA)
Source of classification or shelving scheme Dewey Decimal Classification
Koha item type Books
Holdings
Date last seen Total checkouts Full call number Barcode Cost, replacement price Price effective from Koha item type Lost status Source of classification or shelving scheme Damaged status Not for loan Withdrawn status Home library Current library Shelving location Date acquired Cost, normal purchase price
06/28/2025   428.3 RIC MBY0001035 45000.00 06/28/2025 Books   Dewey Decimal Classification       CBE MBEYA CBE MBEYA General Collection 06/28/2025 15000.00
06/28/2025   428.3 RIC MBY0001036 45000.00 06/28/2025 Books   Dewey Decimal Classification       CBE MBEYA CBE MBEYA General Collection 06/28/2025 15000.00